00458cam a2200169ua 4500001000500000005001700005008003900022040000900061082000800070100003600078245005700114250000900171260003600180300001300216653001400229653004500243359820260515113714.0111122n ii |||gr||||Z||||||asm cMAIN a9201 aPhukan, Surendra Nath,eAuthor.11aLokapriya Gopinath Bordoloicby Surendra Nath Phukan a1st. aSilchar:bEducation Stores,965. a20p:5cm. aBiography aBiography of Lokapriya Gopinath Bordoloi